| 000 | 01620 a2200265 4500 | ||
|---|---|---|---|
| 001 | 48120 | ||
| 005 | 20260407155747.0 | ||
| 008 | 260407a2012 arg spa d | ||
| 003 | AR-UNSa-BCEJYS | ||
| 040 |
_aAR-UNSa-BCEJYS _bspa _cAR-UNSa-BCEJYS |
||
| 080 |
_a510 _xConsideraciones fundamentales y generales de las matemáticas |
||
| 245 | 1 | 0 | _aMatemáticas para el análisis económico |
| 020 | _a978-84-8322-315-4 | ||
| 250 | _a2a. ed. | ||
| 264 | 1 |
_aMadrid : _bPearson Educación _c2012 |
|
| 300 |
_axx, 743 p. _c25 cm. |
||
| 505 | _a1. Introducción - 2. Funciones de una variable: introducción - 3. Polinomios, potencias y exponenciales - 4. Cálculo diferencial de una variable - 5. Más sobre derivación - 6. Límites, continuidad y series - 7. Concecuencias de la continuidad y la derivabilidad - 8. Funciones exponenciales y logarítmicas - 9. Optimización en una variable - 10. Integración - 11. Otros temas de integración - 12. Álgebra lineal: vectores y matrices - 13. Determinantes y matrices inversas - 14. Otros temas de álgebra lineal - 15. Funciones de varias variables - 16. Técnicas de estadística comparativa - 17. Optimización en varias variables - 18. Optimización restringida - 19. Programación lineal - 20. Ecuaciones en diferencias - 21. Ecuaciones diferenciales - 22. Álgebra elemental. | ||
| 041 | _aspa | ||
| 942 | _cBK | ||
| 590 | _aniveau_biblio:m niveau_hierar:0 | ||
| 100 | 1 | _aSydsaeter, Knut | |
| 700 | 1 | _aHammond, Peter | |
| 700 | 1 | _aCarvajal, Andrés | |
| 856 | 4 | 1 |
_uhttps://www.biblioeco.unsa.edu.ar/pmb/images/libros/L127870.jpg _yImagen de portada _qimage/jpeg |
| 999 |
_c4559 _d4559 |
||